Dutch train stations - Limburg - Statistics

General Stats
  • This quiz has been taken 359 times
  • The average score is 20 of 38
Answer Stats
Company Answer % Correct
NS/Arriva/NMBS Maastricht
99%
NS/Arriva Venlo
92%
NS/Arriva Roermond
88%
NS/Arriva Sittard
88%
NS/Arriva Heerlen
84%
NS Weert
79%
Arriva Venray
77%
Arriva Valkenburg
70%
Arriva/NMBS Maastricht Randwyck
62%
Arriva Echt
59%
Arriva Susteren
55%
Arriva Tegelen
54%
NS/Arriva Blerick
53%
NMBS Eijsden
53%
Arriva Maastricht Noord
53%
Arriva Landgraaf
50%
Arriva Meerssen
50%
Arriva Reuver
50%
Arriva Swalmen
49%
Arriva Geleen-Lutterade
46%
Arriva Kerkrade Centrum
46%
Arriva Geleen Oost
45%
Arriva Schin op Geul
45%
Arriva Hoensbroek
44%
NS Horst-Sevenum
42%
Arriva Eygelshoven
40%
Arriva Heerlen Woonboulevard
40%
Arriva Voerendaal
40%
Arriva Bunde
38%
Arriva Nuth
38%
Arriva Schinnen
38%
Arriva Beek-Elsloo
36%
Arriva Klimmen-Ransdaal
34%
Arriva Mook Molenhoek
34%
Arriva Eygelshoven Markt
31%
Arriva Chevremont
30%
Arriva Spaubeek
30%
Arriva Houthem-St. Gerlach
24%
No matching quizzes found
Score Distribution
Percent of People with Each Score
Percentile by Number Answered
Your Score History
You have not taken this quiz